000 01390nam a22003374a 4500
005 20080313095058.0
008 070216s2007 ii a b 001 0 eng
010 _aENG-92679
020 _a9780195673470
_c2950.00
020 _a0195673476
_c2950.00
035 _aEN-76212
037 _bDBAD / PUB
040 _adpl
_bEnglish
043 _aa-pk---
082 _a709.5409045
100 _aDalmia, Yashodhara.
245 _aMemory, metaphor, mutations :
_bcontemporary art of India and Pakistan /
_cby Yashodhara Dalmia [and] Salima Hashmi ; edited with an introduction by Yashodhara Dalmia.
260 _aNew Delhi
_bOxford University Press
_c2007
270 _aYMCA Library Building, Jai Singh Road,
_bNew Delhi
_e110001
300 _axi, 227 p. :
_bill. (chiefly col.) ;
_c29 cm (Hb)
504 _aIncludes bibliographical references and index.
650 _aArt, Modern
_y20th century.
650 _aArt, Modern
_y21st century.
650 _aArt, Indic
_y20th century.
650 _aArt, Indic
_y21st century.
650 _aArt, Pakistani
_y20th century.
650 _aArt, Pakistani
_y21st century.
700 _aHashmi, Salima.
942 _2ddc
_cEN
_mDAL
_h709.5409045
999 _c22596
_d22596